000 00727nam a22002537a 4500
001 00803
003 DO-SdBNP
005 20180125111111.0
007 00803
008 160722b 1991 ec||||| |||| 00| 0 spa d
020 _a9978800565
040 _aBPMSU
_bspa
_cBPMSU
092 _axxxxxxx
_bxxxxxxx
100 1 _aHesse, Hermann
245 1 3 _aEl lobo estepario /
_cHermann Hesse ; introducción María Eugenia Moscoso de Cordero
260 _aQuito, Ecuador :
_bLibresa,
_c1991.
300 _a238 p. :
_c20 cm.
490 1 _aAntares
_v28
700 1 _aMoscoso, María Eugenia,
_eintr.
830 0 _aAntares
_n28
942 _2ddc
_cBK
945 _aInventariado extranjero / 2018 VM
956 _aBTAVÁREZ
_b10
_c20162207
_d00803
999 _c11018
_d11018